00920nam a22002417a 45000010005000000030006000050050017000110080041000280400029000690500008000980820011001061000028001172450078001452600051002233000057002745050007003315200196003385210027005345210018005616500032005796500034006117000033006459899FISKH20260312145753.0260312b cb ||||| |||| 00| 0 eng d aFISKHbengcFISKHdFISKH aPZ7 a823.92 aShoshan, Beth eAuthor  aMess monster in the garden /cBeth Shoshan ; illustrated by Piers Harper  aLondon : bMeadowside Children's Books ,c2005 a24 unnumbered pages : bcolor illustrations ;c16 cm aG  aThe muck is flying as the mischievous monsters move outside. What will they get up to this time? Or will Mummy win again...? More manic monster mayhem from the creators of the Mess Monsters. 8 a350 bLexile estimate 8 aG bRaz-Plus  aPicture books vMonsters aHumor vMess and cleanliness aHarper, Piers eIllustrator